Historia de la ciencia del derecho natural

Gorde:
Xehetasun bibliografikoak
Egile nagusia: Hervada Xiberta, Francisco Javier (Egilea)
Formatua: Liburua
Hizkuntza:gaztelania
Argitaratua: Pamplona Universidad de Navarra 1987
Gaiak:
Etiketak: Etiketa erantsi
Etiketarik gabe, Izan zaitez lehena erregistro honi etiketa jartzen!

MARC

LEADER 00000nam a2200000 a 4500
001 UCV1162
003 CL-VaPUC
008 891115e19870000SP |||||||||||||||||spa|d
082 0 4 |a 340.11  |b HER  |2 21 
100 |a Hervada Xiberta, Francisco Javier  |e author  |9 588604 
245 1 0 |a Historia de la ciencia del derecho natural 
300 |a 339 p 
942 |c BK 
945 |d 19891115 00:00:00 
260 |a Pamplona  |b Universidad de Navarra  |c 1987 
650 0 |a Derecho natural   |9 255041 
650 0 |a Historia  |9 255047 
583 |a last modification  |c 19891115 00:00:00  |k Rodrigo Vera 
999 |c 209198  |d 209196 
952 |0 0  |1 0  |4 0  |6 340_110000000000000_HER_1987  |7 0  |8 DER_TF  |9 184502  |a BIBDER  |b BIBDER  |d 2019-11-14  |i 2517620  |l 2  |o 340.11 HER 1987  |p 2517620  |r 2024-05-09  |s 2024-04-11  |w 2019-11-14  |x Ubicación 4to Piso  |y BK  |z Estos recursos deben solicitarse con anticipación  |k DER